Príspevok ukazovateľa EVA Momentum k meraniu finančnej výkonnosti podnikov
Základné atribúty ukazovateľa EVA Momentum. Rozklad ukazovateľa EVA Momentum. Praktická aplikácia ukazovateľa EVA Momentum. Vzťah MVA a EVA podniku Emerson Electronic v rokoch 1993-2007.
Uložené v:
| Hlavný autor: | |
|---|---|
| Ďalší autori: | |
| Médium: | Kapitola |
| Jazyk: | Slovak |
| Predmet: | |
| Tagy: |
Žiadne tagy, Buďte prvý, kto otaguje tento záznam!
|
MARC
| LEADER | 00000naa a2200000 4500 | ||
|---|---|---|---|
| 001 | 0146083 | ||
| 005 | 20240502072632.8 | ||
| 041 | 0 | |a slo | |
| 044 | |a SK | ||
| 245 | 1 | 0 | |a Príspevok ukazovateľa EVA Momentum k meraniu finančnej výkonnosti podnikov |c Rudolf Sivák, Kristína Jančovičová Bognárová |
| 520 | |a Základné atribúty ukazovateľa EVA Momentum. Rozklad ukazovateľa EVA Momentum. Praktická aplikácia ukazovateľa EVA Momentum. Vzťah MVA a EVA podniku Emerson Electronic v rokoch 1993-2007. | ||
| 610 | 2 | 0 | |a ukazovateľ EVA |
| 610 | 2 | 0 | |a ukazovatele finančné |
| 610 | 2 | 0 | |a výkonnosť |
| 610 | 2 | 0 | |a výkony podnikové |
| 610 | 2 | 0 | |a zisk ekonomický |
| 610 | 2 | 0 | |a zisk podnikový |
| 610 | 2 | 0 | |a rentabilita |
| 610 | 2 | 0 | |a rentabilita podniku |
| 100 | 1 | |a Sivák, Rudolf, 1955- | |
| 700 | 1 | |a Jančovičová Bognárová, Kristína, 1979- | |